LEADER 01387nam a2200229 i 4500 001 000000012416 003 CaOOAMICUS 005 20221107095452.0 008 180830s17551756it u000 u ita u 040 $aSeMil$bita 100 1 $aQuadrio, Francesco Saverio.$0(OLS)http://semarc/name/72702 245 10$aDissertazioni critico-storiche intorno alla Rezia di qua dalle Alpi, oggi detta Valtellina al santissimo padre Benedetto 14. P.O.M. dedicate dall'abate Francesco Saverio Quadrio. 260 $aIn Milano :$bNella Stamperia della Società Palatina,$c1755-1756. 300 $a3 v. ;$c4°. 650 4$aValtellina - Storia.$0(OLS)http://semarc/subject/10878 710 2 $aTipografia Palatina$c.$0(OLS)http://semarc/name/12872 774 0 $aQuadrio, Francesco Saverio$t[Volume 1].$g1$w()100219 774 0 $aQuadrio, Francesco Saverio$tVolume 2. in cui la storia ecclesiastica è trattata.$g2$w()252970 774 0 $aQuadrio, Francesco Saverio$tVolume 3 in cui degli uomini illustri di essa valle è trattato.$g3$w()252971 996 $6245$aDissertazioni critico-storiche intorno alla Rezia di qua dalle Alpi, oggi detta Valtellina al santissimo padre Benedetto 14. P.O.M. dedicate dall'abate Francesco Saverio Quadrio$9(OLS)http://semarc/title/401388 996 $6260$aIn Milano :$bNella Stamperia della Società Palatina$9(OLS)http://semarc/publisher/55966 LEADER 00786nam a2200181 i 4500 001 000000057860 003 CaOOAMICUS 005 19971022000000.0 008 971022n xx u000 u spa u 013 $a29032 040 $aSeMil$bita 100 1 $aOliver, Antonio .$0(OLS)http://semarc/name/29495 245 10$aTáctica de propaganda y motivos literarios en las cartas antiheréticas de Inocencio 3. 600 04$aInnocenzo III .$0(OLS)http://semarc/subject/4923 650 4$aTesi di laurea.$0(OLS)http://semarc/subject/1690 850 $aSeMil 852 $aSeMil$W1$xVenegono$y1$m2I V 537$j24014$B24014$CSeMilBibl$Z2$F24016 $81 996 $6245$aTáctica de propaganda y motivos literarios en las cartas antiheréticas de Inocencio 3.$9(OLS)http://semarc/title/90089